HINDU LAW (Record no. 23059)
[ view plain ]
| 000 -LEADER | |
|---|---|
| fixed length control field | 00286nam a22001337a 4500 |
| 003 - CONTROL NUMBER IDENTIFIER | |
| control field | SGT |
| 082 ## - DEWEY DECIMAL CLASSIFICATION NUMBER | |
| Classification number | 346.015 |
| Item number | TRI |
| 100 ## - MAIN ENTRY--PERSONAL NAME | |
| Personal name | TRIPATHI , MANI B N |
| 245 ## - TITLE STATEMENT | |
| Title | HINDU LAW |
| 250 ## - EDITION STATEMENT | |
| Edition statement | 1 |
| 260 ## - PUBLICATION, DISTRIBUTION, ETC. (IMPRINT) | |
| Place of publication, distribution, etc | ALLAHABAD |
| Name of publisher, distributor, etc | CENTRAL LAW AGENCY |
| Year of Publication | 2014 |
| 300 ## - PAGE DESCRIPTION | |
| No. of Pages | XXXVI ,449 |
| 942 ## - ADDED ENTRY ELEMENTS (KOHA) | |
| Source of classification or shelving scheme | Dewey Decimal Classification |
| Koha item type | Books |
| 942 ## - ADDED ENTRY ELEMENTS (KOHA) | |
| -- | 1 |
| Withdrawn status | Lost status | Source of classification or shelving scheme | Damaged status | Not for loan | Collection code | Home library | Current library | Shelving location | Date acquired | Vendor Name | Cost, normal purchase price | SGTU | Bill Number | Full call number | Accession No. (Barcode) | Date last seen | Bill Date | Koha item type | Total Checkouts | Date last borrowed |
|---|---|---|---|---|---|---|---|---|---|---|---|---|---|---|---|---|---|---|---|---|
| Dewey Decimal Classification | Not For Loan | LAW | SGT Science & Social Sciences Library | SGT Science & Social Sciences Library | Reference Book | 29/07/2022 | AHUJA BOOK COMPANY | 325.00 | SGTU | 14697 | 346.015 TRI | FL2851 | 29/07/2022 | 30/06/2022 | Books | |||||
| Dewey Decimal Classification | LAW | SGT Science & Social Sciences Library | SGT Science & Social Sciences Library | Text Book | 29/07/2022 | AHUJA BOOK COMPANY | 325.00 | SGTU | 14697 | 346.015 TRI | FL2852 | 29/07/2022 | 30/06/2022 | Books | ||||||
| Dewey Decimal Classification | LAW | SGT Science & Social Sciences Library | SGT Science & Social Sciences Library | Text Book | 29/07/2022 | AHUJA BOOK COMPANY | 325.00 | SGTU | 14697 | 346.015 TRI | FL2853 | 29/07/2022 | 30/06/2022 | Books | ||||||
| Dewey Decimal Classification | LAW | SGT Science & Social Sciences Library | SGT Science & Social Sciences Library | Text Book | 29/07/2022 | AHUJA BOOK COMPANY | 325.00 | SGTU | 14697 | 346.015 TRI | FL2854 | 27/08/2024 | 30/06/2022 | Books | 1 | 12/08/2024 | ||||
| Dewey Decimal Classification | LAW | SGT Science & Social Sciences Library | SGT Science & Social Sciences Library | Text Book | 29/07/2022 | AHUJA BOOK COMPANY | 325.00 | SGTU | 14697 | 346.015 TRI | FL2855 | 29/07/2022 | 30/06/2022 | Books |